Technické výkresy. STN 01 4204. ISO 8015 : Základné pravidlo tolerovania. Marec 1995

Saved in:
Bibliographic Details
Format: Book
Language:Slovak
Published: Bratislava : Slovenský ústav technickej normalizácie, 1995
Subjects:
Tags: Add Tag
No Tags, Be the first to tag this record!

MARC

LEADER 00000nam a22000003a 4500
001 stu80303
005 20150408161507.8
008 030416s1995----xo------------------slo-d
040 |a STU  |b slo 
041 0 |a slo 
044 |a xo 
080 |a 744.43 
245 |a Technické výkresy. STN 01 4204. ISO 8015 :  |b Základné pravidlo tolerovania. Marec 1995 
260 |a Bratislava :  |b Slovenský ústav technickej normalizácie,  |c 1995 
300 |a 8 s 
650 7 |a výkresy technické  |2 stusub 
996 |b 284M056370  |c M*N-235-1  |l MMST  |s P  |a 0  |w stu80303_0001 
996 |b MN 235 2  |c M*N-235-2  |l MMKN  |s A  |a 24  |w stu80303_0002 
996 |b 284M074315  |c M*N-1203-1  |l MMKN  |s A  |a 24  |w stu80303_0003